[Event "Wch Juvenil 2010 sub10"]
[Site "Porto Carras GRE"]
[Date "2010.10.30"]
[Round "11.9"]
[White "Elistratov, Semen"]
[Black "Liao, Yu Hao"]
[Result "1/2-1/2"]
[WhiteElo "1955"]
[BlackElo "1700"]
[PlyCount "82"]
[EventDate "2010.10.20"]
[EventType "swiss"]
[EventRounds "11"]
[EventCountry "GRE"]
[Source "lmi"]
[SourceDate "2010.10.20"]

1. e4 c5 2. Nf3 d6 3. d4 cxd4 4. Nxd4 Nf6 5. Nc3 a6 6. Be3 e5 7. Nb3 Be7 8. f3
Be6 9. Qd2 Qc7 10. g4 Nc6 11. O-O-O Rc8 12. Kb1 O-O 13. h4 b5 14. Nd5 Bxd5 15.
exd5 Nb4 16. Bd3 Nbxd5 17. h5 Nb6 18. Bxb6 Qxb6 19. Bf5 Rb8 20. g5 Ne8 21. g6
Nf6 22. Qd3 Qd8 23. h6 fxg6 24. Bxg6 e4 25. Bxe4 Nxe4 26. Qxe4 g6 27. Nd4 Qd7
28. Rhg1 Bf6 29. Ne6 Rf7 30. Qd5 Re8 31. Nc5 Qe7 32. Qxd6 Qxd6 33. Rxd6 Rfe7
34. Ne4 Be5 35. Rxa6 Rf8 36. Ra3 Bf4 37. Rd3 Bxh6 38. a3 Bf4 39. Nc3 Re5 40.
Ka2 Kg7 41. Kb3 h5 1/2-1/2

[Event "Wch Juvenil 2010 sub10"]
[Site "Porto Carras GRE"]
[Date "2010.10.30"]
[Round "11.10"]
[White "Nigmatov, Ortik"]
[Black "Trubchaninov, Timur"]
[Result "1-0"]
[WhiteElo "1890"]
[BlackElo "1757"]
[PlyCount "79"]
[EventDate "2010.10.20"]
[EventType "swiss"]
[EventRounds "11"]
[EventCountry "GRE"]
[Source "lmi"]
[SourceDate "2010.10.20"]

1. e4 c5 2. Nf3 Nc6 3. d4 cxd4 4. Nxd4 g6 5. c4 Bg7 6. Be3 Nf6 7. Nc3 Ng4 8.
Qxg4 Nxd4 9. Qd1 Ne6 10. Qd2 Qa5 11. Rc1 b6 12. Bd3 Nc5 13. Bb1 Bb7 14. f3 O-O
15. O-O Rfd8 16. Rfd1 Ne6 17. Qf2 Qe5 18. f4 Qb8 19. Nd5 Bxd5 20. exd5 Nf8 21.
d6 e6 22. Be4 f5 23. Bxa8 Qxa8 24. Bd4 e5 25. Bxe5 Bxe5 26. fxe5 Ne6 27. Qf3
Qc8 28. b4 Qa6 29. c5 bxc5 30. bxc5 Rc8 31. c6 Rxc6 32. Rxc6 Qxc6 33. Qxc6 dxc6
34. Rb1 Kf7 35. Rb7+ Kf8 36. Re7 Nd8 37. Rxa7 c5 38. Ra8 Kf7 39. Rxd8 c4 40.
Rc8 1-0